Statistics for quiz foot

Click here to take the quiz!

General Stats

  • This quiz has been taken 20 times
  • The average score is 19 of 42

Answer Stats

QuestionAnswer% Correct
de quelle nationalité est le gardien du benfica (Vlachodimos)grece
90%
Erling Haaland est souvent comparé aun cyborg
90%
combien d'euro le PSG a depensé pour recruter Neymar222 millions d'euro
85%
ou c passer la coupe du monde 2010afrique du sud
80%
combien de championnat a gagner le PSG10
75%
combien de ligue des champions possede le real madrid14
75%
qui est le gardien n1 de Lens en 2022-2023brice samba
75%
quelle est le surnom de lionel messila pulga
75%
qui était le président de chelsea avant la guerre Ukraine/RussieRoman Abramovitch
75%
ou joué Salah avant de rejoindre liverpoolrome
75%
ou se passe la premiere coupe du mondeuruguay
75%
qui est le gagnant de conference ligue en 2021rome
70%
quelle grand athlete c reconvertit en footballeurusain bolt
70%
quel age a messi35
65%
lors de la coupe du monde 2018 mbappé marque un but contre l'argentine a combien de km/h a t-il était flashé37 km/h
65%
lequel de ses joueurs na pas joué au real madridherrera
60%
qui le gagnant du ballon d'or 1985platini
60%
qui était l'arbitre le jour de la remontada du fc Barcelone contre le PSGdeniz aytekin
50%
qui est le plus vieux joueur de footmiura
50%
combien de fois lorient sont monté en ligue 14
45%
qui n'était pas dans le onze de la croatie lors de la finale de la coupe du monde 2018colak
45%
combien a couté coutinho au fc Barcelone120 millions d'euros
35%
en quelle année Göteborg gagne la ligue europa1987
35%
pendant combien d'année Joao Mario a joué a l'inter de milan2016-2021
35%
Gerard Moreno possede une nomination au ballon d'or, en quelle année2021
35%
qui est le plus jeune buteur de la ligue des championsfati
35%
combien de buts a marquer ronaldo lors de l'année 201834
30%
Combien de but Giroud a t-il marqué de but en equipe de france49
30%
quel numéro prend Mariano Diaz lors de son arrivé au Real Madrid7
30%
combien de victoires classico a Barcelone97
30%
en quelle année Camavinga a commencé a jouer avec les pro2018
25%
combien de classico a disputé Karim Benzema40
25%
qui est le meilleur buteur de l'histoire de la ligue 1onnis
25%
en quelle année Evian thonon gaillard est montée en ligue 12011
20%
combien d'année Mbappé a t-il prolonger son contrat3
20%
qui est le meilleur passeur de l'histoire de la ligue 1payet
20%
en quelle année est créer le red bull salzbourg13 septembre 1933
15%
combien de metres carré fait un terrain de foot10 800 m2
10%
en quelle année le PSG gagne son premier titre de champion de france1982
10%
en quelle année Ronaldinho a quitté le PSG2003
10%
de quelle nationalité est diego costabrésil
10%
qui est le plus,jeune buteur en ligue 1krawczyk
0%

Score Distribution

Percentile by Number Answered

Percent of People with Each Score

Your Score History

You have not taken this quiz